| 000 | 01796nam0a2200301 4500 | ||
|---|---|---|---|
| 001 | RU\NLR\bibl\1284283 | ||
| 005 | 20260407120253.0 | ||
| 021 |
_aRU _b2008-66695 _93808 |
||
| 035 | _a(NLR Aleph) 001270019 | ||
| 090 |
_a433106 _c433106 |
||
| 100 | _a20081015d2008 |||y0rusy50 ca | ||
| 101 | 0 | _arus | |
| 102 | _aRU | ||
| 105 | _aa ||||||||| | ||
| 200 | 1 |
_aСвойства отходов и новые геоэкозащитные технологии с их использованием _eучебное пособие _fФедер. агентство ж.-д. транспорта, Гос. образоват. учреждение высш. проф. образования "Петерб. гос. ун-т путей сообщения", Ин-т повышения квалификации и переподготовки _g[Л.Б. Сватовская и др.] |
|
| 210 |
_aСанкт-Петербург _cПГУПС _d2008 |
||
| 215 |
_a23 с. _cил. _d21 |
||
| 320 | _aБиблиогр.: с. 22 (8 назв.) | ||
| 606 | 1 |
_aОкружающая среда _jУчебные издания для высших учебных заведений _xЗагрязнение отходами железнодорожного транспорта _91778981 _3RU\NLR\auth\66799512 |
|
| 686 | _aО20-082н6я73-1 | ||
| 702 | 1 |
_aСватовская _bЛ. Б. _gЛариса Борисовна _4220 |
|
| 712 | 0 | 2 |
_4570 _aПетербургский государственный университет путей сообщения _bИнститут повышения квалификации и переподготовки _3RU\NLR\AUTH\8810068749 _9639119 |
| 801 | 0 |
_aRU _bNLR _c20081015 _gRCR |
|
| 801 | 1 |
_aRU _bNLR _c20081015 |
|
| 830 | _aпо кн. | ||
| 942 | _cBOOK | ||
| 980 | _aNB | ||